00583pab a2200181 454500008004000000100002000040245003300060260000900093300001500102362001100117650004100128650004400169650002200213773003400235909001000269999001700279952010500296180718b1997 xxu||||| |||| 00| 0 eng d aKulkarni, Vivek aBadla: the Mumbai derivative c1997 ap.2747-752 a18 Oct aCapital market - India - Maharashtra aFinancial markets - India - Maharashtra aFinancial markets aEconomic and Political Weekly a36115 c36115d36115 00104070aIIPAbIIPAd2018-07-19hVolume no: 32, Issue no: 42pAR36380r2018-07-19w2018-07-19yAR